000 00793cam a22002411 4500
001 f 01003010
003 DLC
005 20260227111245.0
008 820415s1853 fr ef 000 0 fre
010 _af 01003010
035 _a(OCoLC)8338562
040 _aDLC
_cViU
_dDLC
042 _apremarc
050 0 0 _aNA1049.G2
_bD8
100 1 _aDurant, Simon.
245 1 0 _aAlbum archéologique et description des monuments historiques du Gard,
_cpar Simon Durant, Henri Durand et Eugène Laval.
260 _aNimes,
_bImpr. Soustelle-Gaude,
_c1853.
300 _axxiii, 108 p.
_bfold. front., plates, plans.
_c30 cm.
651 0 _aGard (France)
_xAntiquities.
650 0 _aArchitecture
_zFrance
_zGard.
700 1 _aDurand, Henri,
_ejoint author.
700 1 _aLaval, Eugène,
_ejoint author.
999 _c22973
_d22973